Monumenta Centroamericae Historica (Record no. 108874)

MARC details
000 -LEADER
campo de control de longitud fija 00894nam a2200217 i 4500
001 - NÚMERO DE CONTROL
campo de control 108874
003 - IDENTIFICADOR DE NÚMERO DE CONTROL
campo de control ES-MaACL
005 - FECHA Y HORA DE LA ÚLTIMA TRANSACCIÓN
campo de control 20230906184729.0
007 - CAMPO FIJO DE DESCRIPCIÓN FÍSICA--INFORMACIÓN GENERAL
campo de control de longitud fija t|
008 - DATOS DE LONGITUD FIJA--INFORMACIÓN GENERAL
campo de control de longitud fija 061121s1965 nq r ||||1| spa d
245 00 - MENCIÓN DEL TÍTULO
Título Monumenta Centroamericae Historica
Resto del título : Colección de documentos y materiales para el estudio de la historia y de la vida de los pueblos de la América Central /
Mención de responsabilidad, etc. Dirigida y compilada por Federico Argüello Solórzano y Carlos Molina Argüello.
250 ## - MENCION DE EDICION
Mención de edición [1.ª ed.].
260 ## - PUBLICACIÓN, DISTRIBUCIÓN, ETC.
Lugar de publicación, distribución, etc. Managua :
Nombre del editor, distribuidor, etc. Instituto Centro Americano de Historia,
Fecha de publicación, distribución, etc. 1965.
300 ## - DESCRIPCIÓN FÍSICA
Extensión 1 v. ;
Dimensiones 25 cm.
505 8# - NOTA DE CONTENIDO CON FORMATO
Nota de contenido con formato Contiene: vol. 1
651 #4 - PUNTO DE ACCESO ADICIONAL DE MATERIA--NOMBRE GEOGRÁFICO
Nombre geográfico América central-
Subdivisión general Historia-
Subdivisión cronológica Hasta 1821.
9 (RLIN) 157871
651 #4 - PUNTO DE ACCESO ADICIONAL DE MATERIA--NOMBRE GEOGRÁFICO
Nombre geográfico Chiapas (México)-
Subdivisión general Historia.
9 (RLIN) 137093
700 1# - ENTRADA AGREGADA--NOMBRE PERSONAL
Nombre de persona Argüello Solórzano, Federico.
9 (RLIN) 22722
700 1# - ENTRADA AGREGADA--NOMBRE PERSONAL
Nombre de persona Molina Argüello, Carlos.
9 (RLIN) 81914
852 ## - LOCALIZACIÓN
Ubicación ES-MaACL
Número de control de estantería P-827-Ter
Sublocalización o colección R.57419
Holdings
Estatus retirado Estado de pérdida Estado de daño No para préstamo Biblioteca de origen Biblioteca actual Ubicación en estantería Fecha de adquisición Fuente de adquisición Total de préstamos Signatura topográfica completa Código de barras Visto por última vez Precio de reemplazo Tipo de ítem Koha
        Biblioteca del Ateneo de Madrid Biblioteca del Ateneo de Madrid Depósito 2 17/01/2008     P-827-Ter 1113605 23/02/2023 23/02/2023 Libro impreso